000 00361nam a2200145Ia 4500
008 230312s9999||||xx |||||||||||||| ||und||
020 _a0-407-00235-9
082 _a618.1
_bTIN-J
100 _aTindall;V,R
245 0 _aJeffcoate's Principles of Gynaecology
260 _bButterworth
_aUS
_c1987
300 _a722
650 _aMedical
_vGynaecology
942 _cBK
999 _c4683
_d4683